[Event "Amber-rapid 02nd"]
[Site "Monte Carlo"]
[Date "1993.04.06"]
[Round "10"]
[White "Piket, Jeroen"]
[Black "Polgar, Zsuzsa"]
[Result "1-0"]
[WhiteElo "2590"]
[BlackElo "2560"]
[PlyCount "65"]
[EventDate "1993.03.26"]
[EventType "tourn (rapid)"]
[EventRounds "11"]
[EventCountry "MNC"]
[EventCategory "15"]
[Source "ChessBase"]
[SourceDate "1993.07.01"]

1. d4 Nf6 2. c4 g6 3. Nc3 Bg7 4. e4 d6 5. Nf3 O-O 6. Be2 e5 7. O-O a5 8. dxe5
dxe5 9. Be3 Bg4 10. Qc2 Bxf3 11. Bxf3 Nc6 12. Rad1 Qc8 13. Nb5 Rd8 14. h3 h5
15. c5 Ne8 16. Qc4 Bf6 17. g4 Ng7 18. Kh2 Ne6 19. gxh5 Ncd4 20. Bxd4 exd4 21.
Bg4 g5 22. f4 gxf4 23. e5 Bg7 24. h6 Bxh6 25. Nxd4 Re8 26. Nxe6 fxe6 27. Rxf4
Bxf4+ 28. Qxf4 Re7 29. Qh6 Qf8 30. Bxe6+ Rxe6 31. Rg1+ Kf7 32. Rf1+ Ke7 33.
Qh7+ 1-0

[Event "Women-Veterans"]
[Site "Vienna"]
[Date "1993.??.??"]
[Round "?"]
[White "Geller, Efim P"]
[Black "Polgar, Zsuzsa"]
[Result "1/2-1/2"]
[WhiteElo "2515"]
[BlackElo "2560"]
[PlyCount "49"]
[EventDate "1993.06.??"]
[EventType "schev"]
[EventRounds "6"]
[EventCountry "AUT"]
[Source "ChessBase"]
[SourceDate "1994.03.01"]

1. e4 e6 2. d4 d5 3. Nd2 c5 4. exd5 Qxd5 5. Ngf3 cxd4 6. Bc4 Qd6 7. O-O Nf6 8.
Qe2 Be7 9. Nb3 Nc6 10. Re1 a6 11. Bg5 b5 12. Bd3 Bb7 13. a4 bxa4 14. Rxa4 Nb4
15. Bxf6 Bxf6 16. Be4 Bxe4 17. Qxe4 Rd8 18. Rd1 O-O 19. c3 Qc6 20. Qxc6 Nxc6
21. cxd4 Rb8 22. Rxa6 Rxb3 23. Rxc6 Rxb2 24. g4 h6 25. d5 1/2-1/2

[Event "Women-Veterans"]
[Site "Vienna"]
[Date "1993.??.??"]
[Round "?"]
[White "Polgar, Zsuzsa"]
[Black "Olafsson, Fridrik"]
[Result "1/2-1/2"]
[WhiteElo "2560"]
[BlackElo "2485"]
[PlyCount "104"]
[EventDate "1993.06.??"]
[EventType "schev"]
[EventRounds "6"]
[EventCountry "AUT"]
[Source "ChessBase"]
[SourceDate "1994.03.01"]

1. d4 Nf6 2. c4 d6 3. Nf3 g6 4. g3 Bg7 5. Bg2 O-O 6. O-O c6 7. Nc3 Bf5 8. Nh4
Be6 9. d5 Bd7 10. Be3 Na6 11. dxc6 Bxc6 12. Nd5 Bxd5 13. cxd5 Qa5 14. Bd4 Rfc8
15. a3 Qb5 16. b4 Qd7 17. Qb3 Qb5 18. Qd1 Nc7 19. Rb1 Qd7 20. Qd3 Qa4 21. b5
Nce8 22. b6 axb6 23. Rxb6 Rc7 24. Rfb1 Nd7 25. R6b4 Qxa3 26. Qxa3 Rxa3 27. Bxg7
Kxg7 28. Rxb7 Nc5 29. Rxc7 Nxc7 30. e4 Ne8 31. f3 Nc7 32. Bf1 Kf6 33. Be2 Ke5
34. Ng2 f5 35. exf5 gxf5 36. Rd1 Nxd5 37. f4+ Ke4 38. Ne1 Nc3 39. Bf3+ Ke3 40.
Nc2+ Kxf3 41. Rf1+ Ke2 42. Rf2+ Kd3 43. Nxa3 d5 44. Rb2 d4 45. Kf1 N3e4 46. Rb8
Kc3 47. Ke2 d3+ 48. Ke3 Nf6 49. Nb1+ Kc2 50. Na3+ Kc3 51. Nb1+ Kc4 52. Na3+ Kc3
1/2-1/2

[Event "Brno"]
[Site "Brno"]
[Date "1993.??.??"]
[Round "1"]
[White "Boensch, Uwe"]
[Black "Polgar, Zsuzsa"]
[Result "0-1"]
[WhiteElo "2525"]
[BlackElo "2545"]
[Annotator "Ribli"]
[PlyCount "114"]
[EventDate "1993.08.??"]
[EventType "tourn"]
[EventRounds "9"]
[EventCountry "CZE"]
[EventCategory "13"]
[Source "ChessBase"]
[SourceDate "1993.12.01"]

1. c4 e5 2. Nc3 Nf6 3. g3 d5 4. cxd5 Nxd5 5. Bg2 Nb6 6. d3 Be7 7. a3 (7. Be3 $5
{Ibragimov,I-Schwartzman,G/Odorheiu Secuiesc/1993/CBM36/}) 7... O-O 8. b4 f5 (
8... c5 $5 {Ubilava,E-Sokolov,A/New York op/1990/EXP16/}) 9. Nf3 Bf6 10. Qb3+
$1 Kh8 11. Be3 c6 (11... f4 12. Bc5 Re8 13. Ne4 $14) 12. O-O Re8 13. Rac1 Be6
14. Qb1 a6 (14... N8d7 15. b5 $14) 15. Nd2 Nd5 16. Nxd5 Bxd5 (16... cxd5 17.
Nb3 $14) 17. Nc4 Bxg2 18. Kxg2 Qd5+ 19. f3 Nd7 20. Na5 Rab8 21. Ba7 Ra8 22. e4
$1 Qf7 (22... fxe4 23. dxe4 Qe6 24. Be3 Rab8 25. Rfd1 $14) 23. Be3 f4 $5 24.
gxf4 exf4 25. Bxf4 Bb2 26. Qxb2 Qxf4 27. Nxb7 $2 (27. Kh1 $1 $16) 27... Rab8
28. Na5 (28. Nc5 Qg5+ 29. Kh1 Nxc5 30. Rg1 Nxd3 $19) 28... Qg5+ 29. Kh1 Qxa5
30. bxa5 Rxb2 31. Rxc6 Ne5 32. Rxa6 Rc8 33. Kg1 (33. d4 Nxf3 $19) 33... h5 34.
Rf2 Rb1+ 35. Kg2 Nxd3 36. Rd2 Ne1+ 37. Kf2 Rc3 38. Ra8+ Kh7 39. Rf8 Rxa3 40.
Rf5 Nd3+ 41. Ke3 Nc1+ 42. Kf4 Kh6 43. h4 g6 44. Rf8 Nd3+ 45. Kg3 Rg1+ 46. Kh2
Rga1 47. Kg3 Ne5 48. Rdd8 Rf1 49. Rh8+ Kg7 50. Rhg8+ Kh7 51. Rh8+ Kg7 52. Rhg8+
Kf6 53. Rgf8+ Nf7 54. e5+ Kg7 55. Rg8+ Kh7 56. e6 Rfxf3+ 57. Kg2 Rfb3 0-1

[Event "Brno"]
[Site "Brno"]
[Date "1993.??.??"]
[Round "2"]
[White "Polgar, Zsuzsa"]
[Black "Stohl, Igor"]
[Result "0-1"]
[WhiteElo "2545"]
[BlackElo "2545"]
[Annotator "Stohl,I"]
[PlyCount "146"]
[EventDate "1993.08.??"]
[EventType "tourn"]
[EventRounds "9"]
[EventCountry "CZE"]
[EventCategory "13"]
[Source "ChessBase"]
[SourceDate "1993.12.01"]

1. Nf3 Nf6 2. c4 b6 3. g3 c5 4. Bg2 Bb7 5. Nc3 g6 6. d3 (6. O-O Bg7 7. d4 cxd4
8. Qxd4 O-O $6 (8... d6 $142) 9. Qh4 d6 10. Bh6 Nbd7 11. b3 Rc8 12. Bxg7 Kxg7
13. Qd4 Kg8 14. Rac1 Rc5 15. b4 Rc8 16. a3 Re8 17. e4 Qc7 18. Nd5 Qb8 19. Bh3
Rcd8 20. Nd2 $16 {(),Kramnik,V-Adams,M/Biel izt/1993/}) 6... Bg7 7. e4 d6 (7...
O-O 8. h3 Nc6 9. Bg5 d6 10. Qd2 Re8 (10... a6 11. O-O Nd4 $6 12. Nxd4 cxd4 13.
Nd5 Nxd5 14. exd5 Qd7 15. Rfe1 Rfe8 16. Qb4 $36 {McNab,C-Kumaran,D/Hastings op/
1993/}) 11. O-O Nd7 12. Rab1 Nde5 13. Ne1 Nd4 14. a3 f6 15. Be3 Qd7 16. b4 f5
17. f4 Nec6 18. Kh2 e6 19. Nf3 Rad8 20. Bf2 Qf7 $10 {1/2:1/2/McNab,C-Panno,O/
Manila olm/1992/}) 8. O-O O-O 9. Ne1 (9. Nh4 $5 Ne8 (9... e5 10. Bh3 $5 $14 {
/\Ng2,f4}) 10. f4 f5 11. Be3 Nc6 $2 (11... e6 12. d4 $14) 12. exf5 gxf5 13.
Bd5+ Kh8 14. Qh5 $16 {Fancsi,I-Yip,M/Budapest Exp IM2/1993/}) 9... Ne8 $1 10.
g4 $6 $146 (10. Be3 Nc6 11. Qd2 Nd4 12. Rd1 Rb8 13. Nc2 a6 14. b3 Nc7 15. Ne2
Nxe2+ 16. Qxe2 e5 17. b4 Ne6 18. Rb1 f5 $36 {Zlatilov,I-Kolar,S/Ptuj/1991/}) (
10. f4 f5 11. Be3 Nc6 $13 {/\} 12. Nc2 $6 Bxc3 $1 13. bxc3 Na5 14. Qe2 Nf6 $15)
10... e5 $1 11. f4 (11. g5 $142 $5 Nc7 (11... f5 12. exf5 Bxg2 13. Nxg2 gxf5
14. f4 $36) 12. h4 Ne6 13. Bh3 $132) 11... exf4 12. Bxf4 Nc6 $15 {><d4,e5,>>}
13. Nc2 (13. Nf3 Nc7 14. Qd2 Ne6 15. Bh6 Ncd4 $15) 13... Nc7 14. Qd2 (14. Ne3
Ne6 15. Bg3 Be5 $17) 14... Ne6 15. Bh6 Qh4 $5 (15... Bxh6 16. Qxh6 Ne5 17. Ne3
Nxd3 18. Ned5 f6 19. e5 $5 Nxe5 (19... fxe5 20. Be4 $40) 20. Nxf6+ Rxf6 21.
Bxb7 Rb8 22. Bd5 $44) 16. Bxg7 Kxg7 17. h3 h5 $17 18. gxh5 Qxh5 19. Nd5 Ncd4
20. Nxd4 (20. Nf6 Qe2 $1 (20... Ne2+ 21. Kh1 Ng3+ 22. Kg1 $132) 21. Qxe2 Nxe2+
22. Kh2 N2f4 $17) (20. Nce3 Ne2+ $1 21. Kf2 $8 N6d4 $40) 20... Nxd4 21. Qf2 (
21. Nf6 $142 Ne2+ (21... Qh4 $5 $36 {/\} 22. Rf4 $2 Qxf4 $19) 22. Kh1 Ng3+ 23.
Kg1 Qe2 $1 $17 24. Qxe2 (24. Qc3 Qe3+ 25. Kh2 Nxf1+ 26. Rxf1 Qd4 $19) 24...
Nxe2+ 25. Kh2 Rad8 $17 {/\Bc8,Rh8,><h3,d3,Bg2_|_}) 21... Ne2+ (21... Bxd5 $6
22. Qf6+ $132 {><d6}) 22. Kh1 (22. Kh2 Qe5+ 23. Nf4 Nxf4 24. Qxf4 Bc8 $17)
22... Bxd5 23. cxd5 (23. exd5 f5 24. Rae1 Rae8 $19) 23... f6 (23... f5 24. exf5
Rxf5 (24... gxf5 $5 $17) 25. Qe3 Re5 26. Qf2 $132) 24. b4 $5 $8 Nd4 (24... cxb4
25. Rae1 Nc3 26. d4 Qg5 $1 27. Re3 Rae8 28. Rg3 Qh6 29. Re1 Re7 $19) 25. bxc5
dxc5 (25... bxc5 26. Rab1 Rf7 27. Qg3 Rd8 $17) 26. a4 Qe5 27. Rae1 Rac8 $6 $138
(27... Rh8 {/\g5,Rh4-f4-+}) 28. Re3 Rc7 29. Rg3 Rcf7 30. Re1 Rh8 31. Rg4 Rh5 (
31... g5 $142 {/\} 32. h4 Kg6 33. Kg1 Rfh7 $1 34. hxg5 fxg5 $19 {->}) 32. h4
Rh6 $6 33. Bh3 Kf8 34. a5 g5 $2 (34... b5 35. Rc1 Rc7 $17) 35. axb6 axb6 36.
Ra1 $132 Rfh7 $5 37. Ra8+ (37. Rxg5 $2 Qxg5 $1 38. Ra8+ (38. hxg5 Rxh3+ 39. Kg2
Rh2+ $19) 38... Kg7 39. Ra7+ Kg6 40. Rxh7 Qc1+ $19) (37. Qa2 Rxh4 38. Qa8+ Qe8
$19) 37... Kg7 38. Ra7+ (38. Qa2 Rxh4 39. Qa7+ Kh6 40. Rxh4+ gxh4 41. Qxb6 Nf3
42. Ra2 Rg7 $19) 38... Kg6 39. Rxh7 Kxh7 40. Kg2 gxh4 41. Rxh4 $8 Rxh4 (41...
Qg5+ $6 42. Rg4 Qh5 43. Qg3 Rg6 $10 {[]}) 42. Qxh4+ Kg7 (42... Kg6 43. Qg4+ Qg5
44. Qxg5+ Kxg5 45. Kg3 Nb5 (45... b5 46. d6 b4 47. d7 Nc6 48. Be6 $22 $16 {
/\Bd5}) 46. Bd7 Nd6 47. Kf3 {/\Ke3,d4<=>}) 43. Qg4+ Qg5 $5 44. Qxg5+ $1 (44.
Kf2 b5 45. Ke1 b4 $19) 44... fxg5 45. e5 $8 (45. Kf2 b5 46. Ke3 b4 47. Kd2 Kf6
$19) 45... b5 46. Bc8 $1 (46. d6 Kf7 47. Bc8 b4 48. Bb7 Ke6 $19) 46... b4 47.
Ba6 b3 48. Bc4 b2 49. Ba2 Nb5 50. d6 Kf8 (50... Nc3 51. d7 Nxa2 52. d8=Q b1=Q
53. Qe7+ $10) 51. Bb1 $8 Nc3 52. Bc2 Kf7 (52... g4 53. Kg3 Nd5 54. Bb1 $10) (
52... b1=Q 53. Bxb1 Nxb1 54. Kf3 Nd2+ 55. Kg4 Nb3 56. Kxg5 Nc1 57. e6 Nxd3 58.
Kf6 Ke8 59. Kf5 $1 $10 {/\Ke4-d5} (59. d7+ Kd8 60. Kf7 Ne5+ 61. Kf8 Nxd7+ $19))
53. Kh3 Ke6 54. Kg4 b1=Q 55. Bxb1 Nxb1 56. Kxg5 Nc3 57. Kf4 Ne2+ (57... Nd5+
58. Kf3 $1 (58. Ke4 Nb4 $19) 58... Nb6 59. Ke4 Nd7 60. d4 $10) 58. Ke4 $2 (58.
Ke3 $1 $8 Nd4 59. Ke4 Nc6 60. d7 $1 $10) 58... Nd4 59. Kf4 Nc6 (59... Kd5 60.
d7 Kc6 (60... Ne6+ 61. Kf5 $10) 61. d8=N+ $10) 60. Ke4 Nd4 $138 61. Kf4 Nc6 62.
Ke4 Nb4 $1 {(.)} 63. d4 c4 64. d5+ (64. Ke3 Kd5 65. Kd2 Nc6 66. Kc3 Nd8 67. d7
Ne6 $19) 64... Nxd5 65. Kd4 Nb6 (65... c3 $2 66. Kd3 $10) 66. Kc3 Kd5 67. Kb4
Kc6 68. Kc3 Kc5 $1 69. Kc2 Kd5 70. Kc3 Na4+ $1 $19 {[]} 71. Kb4 Nc5 72. Kc3 Ne6
73. d7 Kc5 0-1

[Event "Brno"]
[Site "Brno"]
[Date "1993.??.??"]
[Round "4"]
[White "Polgar, Zsuzsa"]
[Black "Malaniuk, Vladimir P"]
[Result "1/2-1/2"]
[WhiteElo "2545"]
[BlackElo "2635"]
[PlyCount "38"]
[EventDate "1993.08.??"]
[EventType "tourn"]
[EventRounds "9"]
[EventCountry "CZE"]
[EventCategory "13"]
[Source "ChessBase"]
[SourceDate "1993.12.01"]

1. d4 d6 2. g3 f5 3. Bg2 Nf6 4. Nd2 e5 5. e4 Nc6 6. d5 Ne7 7. exf5 Bxf5 8. Nc4
g6 9. Ne2 Qd7 10. Bg5 Bg7 11. Bxf6 Bxf6 12. Ne3 Bh3 13. Bxh3 Qxh3 14. Nc3 Bg5
15. Qg4 Qxg4 16. Nxg4 h5 17. Ne3 O-O-O 18. Rd1 Nf5 19. Ke2 Nd4+ 1/2-1/2

[Event "Brno"]
[Site "Brno"]
[Date "1993.??.??"]
[Round "9"]
[White "Polgar, Zsuzsa"]
[Black "Hracek, Zbynek"]
[Result "1-0"]
[WhiteElo "2545"]
[BlackElo "2510"]
[Annotator "Hansen,Cu"]
[PlyCount "59"]
[EventDate "1993.08.??"]
[EventType "tourn"]
[EventRounds "9"]
[EventCountry "CZE"]
[EventCategory "13"]
[Source "ChessBase"]
[SourceDate "1993.12.01"]

1. d4 Nf6 2. c4 e6 3. Nc3 Bb4 4. Qc2 O-O 5. a3 Bxc3+ 6. Qxc3 b6 7. Bg5 Bb7 8.
e3 h6 9. Bh4 d6 10. f3 Nbd7 11. Bd3 (11. O-O-O d5 12. c5 Bc6 13. cxb6 cxb6 14.
Kb1 $13 {Gelfand,B-Anand,V/München/1991/}) (11. Be2 c5 12. dxc5 Nxc5 13. b4
Nfe4 14. Bxd8 Nxc3 15. Be7 Rfe8 16. bxc5 Rxe7 17. cxd6 Rd7 $15 {Fochtler,
E-Csiszar,Cs/Eger Agria open/1992/}) 11... c5 (11... Re8 12. Ne2 e5 13. O-O-O
c5 14. dxc5 Nxc5 15. Bc2 Rc8 $13 {Chabanon,JL-Lejeune,JP/french tch/1992/}) 12.
Ne2 cxd4 (12... Rc8 13. O-O (13. b4 d5 14. dxc5 bxc5 15. b5 $13 {Sorokin,
M-Atalik,S/Cheliabinsk/1991/}) 13... cxd4 14. Qxd4 Ne5 15. b3 (15. e4 Ng6 16.
Bf2 Nd7 17. b3 Nde5 18. Rad1 {Forintos,Gy-Parma,B/Siegen ol/1970/}) 15... Nxd3
16. Qxd3 Ba6 17. Bxf6 Qxf6 18. Qxd6 Rfd8 $44 {Serrer,C-Cordes,H/BL/1986/}) 13.
exd4 Rc8 (13... d5 14. c5 $13 {Shipov,S-Korneev,O/USSR/1991/}) 14. b4 (14. Qd2
Ba6 15. Rc1 d5 16. cxd5 Bxd3 17. Rxc8 Qxc8 18. Qxd3 Nxd5 $15 {Dokuchaev,
A-Magerramov,E/Moscow6/1991/}) 14... e5 15. O-O b5 16. c5 exd4 17. Nxd4 a6 (
17... dxc5 18. Nf5 c4 $6 19. Bc2 Bd5 20. Rad1 Be6 21. Rd6 $16 {Gulko,
B-deFirmian,N/USA-ch/1989/}) 18. Nf5 dxc5 19. Rad1 cxb4 20. Qxb4 {/\Ne7+//\Nd6,
Bf5 <->d} Kh8 21. Nd6 Rb8 22. Bf5 {/\23.Nxb7 Rxb7 24.Bxf6 +-} Bc6 23. Bxd7 Bxd7
24. Ne4 $18 a5 25. Qb2 (25. Qd4 Be6 26. Bxf6 (26. Qxd8 $6 Rfxd8 27. Rxd8+ Rxd8
28. Nxf6 Rd3 $14) 26... gxf6 27. Qb2 Qb6+ 28. Kh1 $16) 25... Qb6+ 26. Bf2 Qc6
27. Nxf6 gxf6 28. Qd2 Bf5 29. Qxh6+ Kg8 30. Rd4 {Hansen,Cu} 1-0

[Event "Groningen PCA"]
[Site "Groningen"]
[Date "1993.??.??"]
[Round "4"]
[White "Hjartarson, Johann"]
[Black "Polgar, Zsuzsa"]
[Result "1/2-1/2"]
[WhiteElo "2605"]
[BlackElo "2545"]
[Annotator "Hjartarson"]
[PlyCount "94"]
[EventDate "1993.12.??"]
[EventType "swiss"]
[EventRounds "11"]
[EventCountry "NED"]
[Source "ChessBase"]
[SourceDate "1994.04.01"]

1. c4 e5 2. Nc3 Bb4 3. Nd5 Be7 4. d4 d6 5. Nf3 (5. g3 $5 f5 6. Bg2 Nf6 7. Nf3
Nc6 $6 (7... Nxd5 8. cxd5 e4 9. Nd2 $14) 8. O-O O-O 9. Nc3 Qe8 $2 (9... e4 10.
Nd2 Qe8 11. e3 $14 (11. Nb5 Bd8)) 10. d5 Nd8 11. Nb5 Qd7 12. a4 $16 {Ibragimov,
I-Rogozenko Odorheiu Secuiesc 1993}) 5... e4 $1 (5... Nc6 6. e3 e4 7. Ng1 (7.
Nd2 $14) 7... Bg5 $5 8. h4 Be7 9. Ne2 f5 10. Nef4 Nf6 11. Nxf6+ Bxf6 12. Nd5
$14 {Gelfand,B-Shirov,A Moscow (Alekhine) 1992}) 6. Nd2 c6 (6... f5 $5 7. e3
Nf6 8. Nxe7 Qxe7 9. Be2 $14) 7. Nxe7 Qxe7 8. e3 f5 9. g3 Nf6 10. b4 $14 Be6 11.
a4 Nbd7 12. Ba3 O-O 13. Be2 b6 14. b5 (14. O-O $14) 14... c5 $1 (14... cxb5 $2
15. axb5 $16) 15. Nb3 a6 16. O-O axb5 17. axb5 Ra7 18. Qc2 Rfa8 19. Bb2 Qe8 $6
(19... Rxa1 20. Bxa1 $14) 20. dxc5 (20. Rad1 $1 $16 {/\Rd2,Rfd1<->}) 20... Rxa1
$1 21. Rxa1 $2 (21. Bxa1 dxc5 22. Bc3 {/\Nd2,f3 -> <->f}) 21... Rxa1+ 22. Bxa1
dxc5 $10 23. Qa2 Qb8 24. Qa6 $6 (24. Bc3 Kf7 25. Nd2 $10) 24... Kf7 25. Bc3 g5
26. Nd2 h6 27. Qa1 g4 (27... Kg6 $5 {/\h5-h4 ->}) 28. Bf1 h5 29. h4 Nh7 30. Be2
Nhf8 $6 31. Bh8 Ke8 $8 32. Qg7 Qd6 $1 33. Nb1 Qe7 34. Qa1 Ng6 35. Bb2 Qd8 36.
Qa7 Qb8 37. Qxb8+ Nxb8 38. Nc3 Nd7 39. Na4 Kd8 40. Bg7 Kc7 41. Kf1 Kd6 42. Ke1
Kc7 43. Kd2 Kd6 44. Kc3 Kc7 45. Bh6 Nde5 46. Bg5 Nf7 47. Bf6 Nfe5 1/2-1/2

[Event "Groningen PCA"]
[Site "Groningen"]
[Date "1993.??.??"]
[Round "9"]
[White "Polgar, Zsuzsa"]
[Black "Agdestein, Simen"]
[Result "0-1"]
[WhiteElo "2545"]
[BlackElo "2610"]
[PlyCount "84"]
[EventDate "1993.12.??"]
[EventType "swiss"]
[EventRounds "11"]
[EventCountry "NED"]
[Source "ChessBase"]
[SourceDate "1994.04.01"]

1. Nf3 c5 2. c4 Nf6 3. Nc3 e6 4. d4 cxd4 5. Nxd4 Bb4 6. Ndb5 O-O 7. a3 Bxc3+ 8.
Nxc3 d5 9. cxd5 exd5 10. e3 Nc6 11. Be2 Bf5 12. O-O d4 13. exd4 Nxd4 14. Bd3
Bxd3 15. Qxd3 Nb3 16. Qxd8 Rfxd8 17. Rb1 Kf8 18. f3 Nd2 19. Bxd2 Rxd2 20. Rf2
Rad8 21. Re1 h5 22. Rxd2 Rxd2 23. Re2 Rxe2 24. Nxe2 Ke7 25. Kf2 Nd5 26. g4 Kf6
27. Kg3 hxg4 28. fxg4 Ke5 29. Kf3 g5 30. Ng3 b5 31. Nf5 a5 32. Nh6 f6 33. Nf5
Nb6 34. b3 a4 35. bxa4 bxa4 36. Ng3 Kd4 37. Ne4 Nc4 38. Nxf6 Nxa3 39. h4 Nc4
40. h5 a3 41. h6 a2 42. h7 Ne5+ 0-1

[Event "Groningen PCA"]
[Site "Groningen"]
[Date "1993.??.??"]
[Round "10"]
[White "Polgar, Zsuzsa"]
[Black "Ruban, Vadim"]
[Result "1/2-1/2"]
[WhiteElo "2545"]
[BlackElo "2590"]
[Annotator "Belov"]
[PlyCount "73"]
[EventDate "1993.12.??"]
[EventType "swiss"]
[EventRounds "11"]
[EventCountry "NED"]
[Source "ChessBase"]
[SourceDate "1994.04.01"]

1. d4 Nf6 2. Nf3 d5 3. c4 e6 4. Nc3 c5 5. cxd5 cxd4 $5 6. Qxd4 (6. Qa4+ Bd7 7.
Qxd4 exd5 8. Nxd5 Qa5+ 9. Nc3 Bc5 $5 10. Qd1 Ne4 11. e3 Bb4 12. Bd2 Nxc3 13.
bxc3 Bxc3 14. Rc1 Bxd2+ 15. Qxd2 Qxd2+ 16. Kxd2 Nc6 $10 {Vyzmanavin,A-Goldin,A/
Novosibirsk/1993/}) 6... Nxd5 7. Bg5 $5 (7. e4 Nxc3 8. Qxc3 Nc6 9. Bb5 Bd7 10.
O-O Qb6 11. a4 Qc5 12. Be3 (12. Qd3 Qd6 13. Qe2 a6 14. Rd1 (14. e5 $5) 14...
Qc7 15. Bxc6 Bxc6 16. Bg5 h6 17. Be3 Bd6 $10 {Gurevich,M-Epishin,V/Biel(izt)/
1993/0,5 (27) Inf 58/452/}) 12... Qxc3 13. bxc3 a6 14. Be2 Bd6 $1 15. Rfb1
O-O-O 16. Rb2 Bc7 $10 {Rohde,M-Ruban,V/Tilburg/1992/0,5 (39)/}) 7... f6 $8 8.
Nxd5 exd5 (8... Qxd5 9. Qxd5 exd5 10. Bd2 $14) 9. Bd2 Nc6 10. Qe3+ $5 $8 (10.
Qa4 Qb6 (10... d4 $5 11. e3 dxe3 12. Bxe3 Bb4+ $10 {Ruban/}) 11. Bc3 Bd7 12. e3
Ne5 13. Qh4 Nxf3+ 14. gxf3 Be6 15. Bd3 O-O-O $13 {Goldin,A-Ruban,V/Novosibirsk/
1993/ Inf 58/452/}) 10... Kf7 (10... Be7 11. g3 (11. Qb3 Qb6) 11... O-O 12. Qb3
Kh8 13. Bg2 $14) 11. g3 (11. Qb3 Qb6 12. e3 Be6 $10) 11... Qb6 12. Bg2 $5 (12.
Qxb6 axb6 13. Bg2 d4 14. O-O Be6 15. a3 Bb3 $10) 12... Bc5 13. Ng5+ $1 $8 Kf8 (
13... fxg5 $2 14. Bxd5+ Kf8 15. Qf3+ Ke8 16. Qf7+ Kd8 17. Bxc6 Bxf2+ $5 $16) (
13... Kg6 14. Qd3+ Bf5 15. e4 dxe4 16. Bxe4 Rhe8 17. O-O Bxe4 18. Nxe4 Ne5 19.
Qc2 $16) 14. Qf4 Nd4 (14... h6 $5 15. Nh3 Nd4) 15. Rc1 Qb5 $6 (15... h6 $5) 16.
Bf1 $8 h6 17. Qc7 $1 hxg5 (17... Bb6 18. Qd6+ Ke8 19. Nf3 $16) 18. Rxc5 $5 (18.
Qxc5+ Qxc5 19. Rxc5 Be6 20. Bg2 Rd8 21. Rc7 $16) 18... Qe8 $8 19. Qd6+ Kg8 20.
Qxd5+ Ne6 21. Bg2 Bd7 $5 22. Qxb7 $6 (22. Qb3 Ba4 23. Qc4 b5 $6 24. Qxe6+ Qxe6
25. Bd5 $16) (22. Qc4 $5 Kh7 23. Qd3+ Kg8 24. Rc1 $16) 22... Rb8 (22... Nxc5
23. Qxa8 Qxa8 24. Bxa8 $18) 23. Qd5 Rxb2 $13 24. Rc1 (24. O-O $2 Rxd2 25. Qxd2
Nxc5 $19) 24... g4 $3 25. h4 (25. O-O Qh5 26. Qxh5 Rxh5 27. Be3 Rxa2 $10) 25...
Rh5 26. Qa8 (26. Qc4 Rc5 27. Qxg4 Ng5 $1 $19) 26... Qxa8 27. Bxa8 Rxa2 $10 28.
Be3 Bb5 29. O-O $1 Bxe2 30. Rc8+ Kf7 31. Rb1 Bb5 32. Rd1 Ba4 33. Rd6 Ke7 34.
Ra6 Bb3 35. Rxa2 Bxa2 36. Bxa7 Bd5 37. Be3 1/2-1/2

[Event "Wiesbaden op"]
[Site "Wiesbaden"]
[Date "1994.??.??"]
[Round "2"]
[White "Polgar, Zsuzsa"]
[Black "Rechel, Ralf"]
[Result "1-0"]
[WhiteElo "2550"]
[BlackElo "2135"]
[PlyCount "83"]
[EventDate "1994.??.??"]
[EventType "swiss"]
[EventRounds "9"]
[EventCountry "GER"]
[Source "ChessBase"]
[SourceDate "1999.07.01"]

1. d4 f5 2. g3 Nf6 3. Bg2 g6 4. Nh3 Bg7 5. Nf4 d6 6. d5 O-O 7. h4 c6 8. h5 Qe8
9. c3 Na6 10. hxg6 hxg6 11. Be3 Nc7 12. Bd4 cxd5 13. Bxf6 Rxf6 14. Nxd5 Nxd5
15. Bxd5+ e6 16. Bg2 Qb5 17. Qd2 Rf7 18. Na3 Qc5 19. Rd1 d5 20. Qg5 Rf6 21. Nc2
Bd7 22. Nb4 Bb5 23. Rh6 Kf7 24. Nxd5 exd5 25. Bxd5+ Kf8 26. Rxg6 Qe7 27. Rd2
Bc6 28. Rxf6+ Qxf6 29. Qxf6+ Bxf6 30. Bxc6 bxc6 31. Rd6 Ke7 32. Rxc6 Rb8 33. b3
Be5 34. e3 Kd7 35. Rc5 Ke6 36. Ke2 Rb7 37. c4 Rd7 38. Rc6+ Ke7 39. Rh6 Ke8 40.
Re6+ Re7 41. Rxe7+ Kxe7 42. f4 1-0

[Event "Wiesbaden op"]
[Site "Wiesbaden"]
[Date "1994.??.??"]
[Round "6"]
[White "Polgar, Zsuzsa"]
[Black "Schmitzer, Klaus"]
[Result "0-1"]
[WhiteElo "2550"]
[BlackElo "2330"]
[PlyCount "120"]
[EventDate "1994.??.??"]
[EventType "swiss"]
[EventRounds "9"]
[EventCountry "GER"]
[Source "ChessBase"]
[SourceDate "1999.07.01"]

1. d4 e6 2. Nf3 f5 3. d5 Bd6 4. dxe6 dxe6 5. e4 fxe4 6. Ng5 Bb4+ 7. c3 Qxd1+ 8.
Kxd1 Be7 9. Nxe4 Nf6 10. Nxf6+ gxf6 11. Bc4 e5 12. Bh6 Bf8 13. Be3 Bf5 14. Nd2
Nd7 15. Ke2 Nb6 16. Bd3 Bxd3+ 17. Kxd3 Rg8 18. Ne4 O-O-O+ 19. Ke2 f5 20. Bxb6
axb6 21. Ng3 f4 22. Ne4 Rxg2 23. Rag1 Rxg1 24. Rxg1 Kd7 25. Rd1+ Bd6 26. Rg1
Be7 27. Rg7 h5 28. Rg6 Rh8 29. Kf3 Bh4 30. h3 Bd8 31. Ng5 Bxg5 32. Rxg5 Kd6 33.
Ke4 Ra8 34. Rg6+ Kc5 35. a3 Kc4 36. Rg7 Rc8 37. Rd7 Kb3 38. Rd2 Re8 39. Rd7 Rc8
40. Rd2 Re8 41. Rd7 c5 42. Rxb7 Kxb2 43. c4 Kc3 44. Rxb6 Kxc4 45. Rb1 Rc8 46.
a4 Kc3 47. a5 c4 48. a6 Ra8 49. Rb6 Kd2 50. f3 c3 51. Rd6+ Ke2 52. Rc6 Kf2 53.
Kxe5 Kg3 54. Rg6+ Kxf3 55. Rc6 Kg3 56. Rg6+ Kh2 57. Kd4 Rc8 58. a7 c2 59. a8=Q
Rxa8 60. Rc6 Re8 0-1

[Event "Amber-blindfold 03rd"]
[Site "Monte Carlo"]
[Date "1994.03.26"]
[Round "1"]
[White "Piket, Jeroen"]
[Black "Polgar, Zsuzsa"]
[Result "1/2-1/2"]
[WhiteElo "2605"]
[BlackElo "2550"]
[PlyCount "89"]
[EventDate "1994.03.26"]
[EventType "tourn (rapid)"]
[EventRounds "11"]
[EventCountry "MNC"]
[EventCategory "16"]
[Source "ChessBase"]
[SourceDate "1994.07.01"]

1. d4 f5 2. c4 Nf6 3. Nc3 d6 4. Nf3 g6 5. g3 Bg7 6. Bg2 O-O 7. O-O e6 8. Bg5 h6
9. Bxf6 Qxf6 10. Qb3 g5 11. Rad1 Kh8 12. e4 fxe4 13. Nxe4 Qg6 14. Rfe1 Nc6 15.
h3 Rb8 16. a3 Bd7 17. Qe3 a6 18. b4 Ne7 19. Qd3 Bc6 20. b5 axb5 21. cxb5 Bd5
22. b6 cxb6 23. Nxd6 Qxd3 24. Rxd3 Rbd8 25. Ne4 Nc6 26. Nc3 Bc4 27. Rde3 Nxd4
28. Ne5 Bxe5 29. Rxe5 Nf3+ 30. Bxf3 Rxf3 31. Rc1 Rd2 32. Ne4 Rd4 33. Nc3 Rdd3
34. Nd1 b5 35. Ne3 Rxa3 36. Nxc4 bxc4 37. Rxc4 Ra2 38. Rxe6 Raxf2 39. g4 Rf1+
40. Kg2 R1f2+ 41. Kg1 Kg7 42. Rc7+ Rf7 43. Rxb7 Rf1+ 44. Kg2 R1f2+ 45. Kg1
1/2-1/2

[Event "Amber-blindfold 03rd"]
[Site "Monte Carlo"]
[Date "1994.03.28"]
[Round "3"]
[White "Kortschnoj, Viktor"]
[Black "Polgar, Zsuzsa"]
[Result "0-1"]
[WhiteElo "2615"]
[BlackElo "2550"]
[PlyCount "98"]
[EventDate "1994.03.26"]
[EventType "tourn (rapid)"]
[EventRounds "11"]
[EventCountry "MNC"]
[EventCategory "16"]
[Source "ChessBase"]
[SourceDate "1994.07.01"]

1. e4 c5 2. Nf3 Nc6 3. d4 cxd4 4. Nxd4 e5 5. Nb3 Nf6 6. Bg5 Bb4+ 7. c3 Be7 8.
Bxf6 Bxf6 9. Bc4 d6 10. O-O O-O 11. a4 Kh8 12. N1d2 Ne7 13. Re1 b6 14. a5 Bb7
15. a6 Bc6 16. Nc1 d5 17. exd5 Nxd5 18. Ne4 Nf4 19. Nd3 Nxd3 20. Bxd3 g6 21.
Nxf6 Qxf6 22. Qd2 Rad8 23. Qe3 Rd7 24. Bf1 e4 25. Rad1 Rfd8 26. Rxd7 Rxd7 27.
b4 b5 28. g3 Qd6 29. Rc1 Kg7 30. Be2 Qd2 31. Rd1 Qxe3 32. fxe3 Rxd1+ 33. Bxd1
Kf6 34. Be2 Ke5 35. h4 h6 36. h5 g5 37. c4 bxc4 38. Bxc4 Bd5 39. Be2 Kd6 40.
Kf2 Kc6 41. Ke1 Kb6 42. Kd2 Be6 43. Kc3 Bc8 44. Bc4 f6 45. Kd4 Bxa6 46. Bxa6
Kxa6 47. Kxe4 Kb5 48. Kf5 Kxb4 49. Kg6 a5 {Time} 0-1